20 rád k maximalizácii pracovných efektov

Charakteristika efektívneho pracovníka. 20 rád k maximalizácii pracovných výsledkov.

Saved in:
Bibliographic Details
Main Author: Burák, Emil
Format: Book Chapter
Language:Slovak
Subjects:
Tags: Add Tag
No Tags, Be the first to tag this record!

MARC

LEADER 00000naa a2200000 4500
001 0134473
005 20231120125223.8
041 0 |a slo 
044 |a SK 
245 1 0 |a 20 rád k maximalizácii pracovných efektov  |c Emil Burák 
520 |a Charakteristika efektívneho pracovníka. 20 rád k maximalizácii pracovných výsledkov. 
610 2 0 |a zamestnanci 
610 2 0 |a efektívnosť 
610 2 0 |a efektívnosť práce 
100 1 |a Burák, Emil